• 首页
  • 本馆介绍
  • 公告通知
  • 最新文献
  • 馆藏检索
  • 电子资源
  • 读者导购
  • 参考咨询
  • 我的图书馆
  • 登录
  • 详细信息显示
  • 放入我的书架
  • 预约/预借图书
  • 作者相关作品
  • 分类相关作品
  • 丛书相关作品
  • 出版社相关作品

书目信息

  • 表格格式
  • 工作单格式
  • 卡片格式
题名:
热原子化学
    
 
作者: 徐长林 , 柳蕴刚 编译
分册:  
出版信息: 北京   原子能出版社  1985
页数: 423页
开本: 20cm
丛书名:
单 册:
中图分类: O615
科图分类:
主题词: 无机化学
电子资源:
ISBN:
000 00675nam0 2200241 45
001 0185010781
005 20051227110703.48
010    @dCNY1.95
091    @a15175.589
100    @a19900829d1985 emky0chiy0121 ea
101 0  @achi
102    @aCN@b110000
105    @ay z 000yy
200 10 @a热原子化学@Are yuan zi hua xue@f徐长林, 柳蕴刚编译@Fxu chang lin,liu yun gang bian yi
210    @a北京@c原子能出版社@d1985
215    @a423页@d20cm
606 0  @a无机化学
690    @aO615@v3
701  0 @a徐长林@Axu chang lin@4编译
701  0 @a柳蕴刚@Aliu yun gang@4编译
801  2 @aCN@bNLC@c20051227
801  0 @aCN@b深圳图书馆@c20040524
905    @dO615@e3@f1@b149161
    
    热原子化学/徐长林, 柳蕴刚编译.-北京:原子能出版社,1985
    423页;20cm
    
    
    ISBN :CNY1.95
    
●
相关链接 在E读中查询图书 在五车中查询图书 在当当中查询图书 在豆瓣中查询图书


正题名:热原子化学     索取号:O615/3         预约/预借

序号 登录号 条形码 馆藏地/架位号 状态 备注
1 0149160   000349796   第二样本阅览室/ [索取号:O615/3] 在馆    
2 0149161   001956404   第三借阅区/ [索取号:O615/3] 在馆    
3 0149162   202182672   密集书库/ [索取号:O615/3] 在馆    
唐山师范学院图书馆 欢迎您!
大连网信软件有限公司© 版权所有